000 00874nas a2200265 4500
001 BR0900682
003 BR-BrBNA
005 20231205113056.0
007 ta
008 230509b bl.|||p| |||| 00| 00por d
040 _aBR-BrBNA
_bpor
_cBiblioteca Nacional de Agricultura
041 _a(En)
072 _aL50; H10
100 1 _aPinheiro, D.O.
100 1 _aGrassiotto, I.Q.
100 1 _aGregório, E.A.
245 1 _aMorphological regional differences of Epithelial cells along the midgut in Diatraea saccharalis Fabricius (Lepidoptera: Crambidae)larvae.
650 _aBROCA DA CANA
650 _aCANA DE AÇUCAR
650 _aMORFOLOGIA ANIMAL
650 _aFISIOLOGIA ANIMAL
773 0 _tNeotropical Entomology (Brazil)
_xISSN 1519-566X
_g(Jul-Aug 2008), v. 37(4) p. 413-419
_wBR0900682
909 _a202311
_bLúcia
_c55
_dLúcia Elande
942 _2AGRIS
_n0
_cANA
999 _c201698
_d201698